| 000 | 00666cam a22001817a 4500 | ||
|---|---|---|---|
| 008 | 180718b2005 xxu||||| |||| 00| 0 eng d | ||
| 082 | _aAPPPA/2004-05/KAS/21 | ||
| 100 | _aKashyap, Vidhu | ||
| 245 |
_aRightsizing issues in central government: an evaluation of the schme for optimisation of direct recruitment to civilian post _cby Vidhu Kashyap |
||
| 260 |
_aNew Delhi _bIndian Institute of Public Administration _c2005 |
||
| 300 | _a146p. | ||
| 500 | _aAn APPPA M.Phil dissertation, 2004-05 (Guide: Sujata Singh) | ||
| 650 | _aCivilian post | ||
| 650 | _aDirect recruitment | ||
| 650 | _aOptimisation | ||
| 650 | _aCentral government | ||
| 650 | _aRightsizing | ||
| 999 |
_c493139 _d493139 |
||